000 01064cab a22002895a 4500
001 L156003
008 120424e20120421xxk 000 0 eng d
035 _a(Sirsi) u156003
041 0 _aeng
100 1 _aBijlani, Charlotte
245 0 0 _aPaying the rent is not so easy
260 _c2012
490 _aEstates Gazette
_v(1216) 21 April 2012, 96-98(3)
520 _aDiscusses recent cases which demonstrate how difficult it can be for tenants to meet the requirements for exercising a lease break option.
590 _aKA
650 2 4 _aAVOCET INDUSTRIAL ESTATES LLP V MEROL LTD AND ANOR
650 2 4 _aPCE INVESTORS LTD V CANCER RESEARCH UK
650 2 4 _aBEEVERS V MASON
650 2 4 _aQUIRKCO INVESTMENTS LTD V ASPRAY TRANSPORT LTD
650 2 4 _aMW TRUSTEES LTD AND ORS V TELULAR CORPORATION
650 2 4 _aFITZROY HOUSE EPWORTH STREET (NO.1) LTD AND ANOTHER V FINANCIAL TIMES
650 2 4 _aBASS HOLDINGS LTD V MORTON MUSIC LTD
651 4 _aUNITED KINGDOM
690 _aLandlord and tenant
_96252
700 1 _aThomas, Alasdair
942 _n0
999 _c83943
_d83943